000
00280nam a22001217a 4500
008
190305b xxu||||| |||| 00| 0 eng d
041
_a
eng
080
_a
621
100
_a
27
101
_a
MEK
245
_a
Engineering Management and Administration
_c
Cronstedt
942
_2
udc
_c
BK
999
_c
54466
_d
54466